|
|
|
|
| LEADER |
00000nam a2200000 a 4500 |
| 001 |
vtls008936635 |
| 003 |
SK-MaSNL |
| 005 |
20260302075602.0 |
| 007 |
co cg mnuua |
| 008 |
240318s2006 xo l fs 000 0 slo |
| 015 |
|
|
|a SNBS2011/03-02511
|
| 020 |
|
|
|a 8080684472
|q (elektronická kniha)
|
| 040 |
|
|
|a SNK
|b slo
|c SNK
|e AACR2
|
| 041 |
0 |
|
|a slo
|
| 044 |
|
|
|a xo
|c SK
|
| 072 |
|
7 |
|a 51
|x Matematika
|2 konspekt
|
| 072 |
|
7 |
|a 51-056.45
|2 2001
|
| 080 |
|
|
|a 373.3
|2 2001
|
| 080 |
|
|
|a 376.54
|2 2001
|
| 080 |
|
|
|a (082)
|2 2001
|
| 080 |
|
|
|a (0.034.44)
|2 2001
|
| 100 |
1 |
|
|a Prídavková, Alena,
|d 1972-
|4 aut
|9 259753
|
| 245 |
1 |
0 |
|a Rozvíjanie matematických schopností a výchova matematických talentov na základných školách
|h elektronický zdroj
|c Alena Prídavková
|
| 250 |
|
|
|a [1. vyd.]
|
| 260 |
|
|
|a Prešov
|b Prešovská univerzita
|c 2006
|
| 300 |
|
|
|a 1 elektronický optický disk (CD-ROM)
|c 12 cm
|
| 500 |
|
|
|a Názov z titulnej obrazovky
|
| 516 |
|
|
|a Textový dokument (monografia), súbory vo formáte htm, pdf
|
| 538 |
|
|
|a Technické požiadavky: internetový prehliadač, Adobe Reader
|
| 650 |
0 |
7 |
|a matematika
|2 SNKPH
|9 70174
|
| 650 |
0 |
7 |
|a základné školy
|2 SNKPH
|9 1280
|
| 650 |
0 |
7 |
|a talentovaní žiaci
|2 SNKPH
|9 81780
|
| 655 |
|
7 |
|a monografie
|2 SNKPH
|9 70139
|
| 655 |
|
7 |
|a CD-ROM
|2 SNKPH
|9 70236
|
| 919 |
|
|
|a 80-8068-447-2
|
| 999 |
|
|
|c 1169815
|d 1171745
|
| 952 |
|
|
|a SNK
|b SNK
|y PREZ
|7 0
|p 17A0537865
|o snkSCDM 1140
|i snk2007/1585
|8 0
|0 0
|1 0
|4 0
|d 2007-01-18
|l 0
|r 2026-02-24 21:00:32
|w 2026-02-24
|